| 000 | 00333nam a2200121Ia 4500 | ||
|---|---|---|---|
| 008 | 220204s9999 xx 000 0 und d | ||
| 082 |
_a34:614.253.5 _bMUT |
||
| 245 | 0 | _aSwamy's compilation of the medical attendance rules | |
| 260 |
_aNew Delhi _bSwamy _c1961 |
||
| 650 | _aMedical attendance | ||
| 700 | _aMuthuswamy, P | ||
| 942 | _cBK | ||
| 999 |
_c44984 _d44984 |
||